000 00730nam a2200289Ia 4500
005 20260324111945.0
008 008 260324s9999 xx 000 0 eng d
020 _a9781003597766
037 _aEBOOK
040 _aCRL
040 _beng
040 _cCRL
041 _2eng
041 _aeng
084 _qCRL
100 _aKung-Chung Liu
_91000182
245 0 _aDeciphering IP Law and Its Conflict and Complementarity with Competition Law
245 0 _bGlobal Norms Against Asian Context
260 _bTaylor and Francis
260 _c2025
365 _a
365 _b230
856 _uhttp://www.taylorfrancis.com/books/9781003597766
942 _cEBOOK
999 _c1729721
_d1729721